[Event "Bad Woerishofen Seniors op 28th"]
[Site "Bad Woerishofen"]
[Date "2012.03.03"]
[Round "2.22"]
[White "Gerl, Hans Peter"]
[Black "Isele, Horst"]
[Result "1-0"]
[WhiteElo "1940"]
[BlackElo "1450"]
[PlyCount "119"]
[EventDate "2012.03.02"]
[EventType "swiss"]
[EventRounds "9"]
[EventCountry "GER"]
[SourceTitle "EXT 2022"]
[Source "ChessBase"]
[SourceDate "2021.10.06"]
[SourceVersion "1"]
[SourceVersionDate "2021.10.06"]
[SourceQuality "1"]

1. d4 d5 2. c4 e6 3. Nc3 Nf6 4. Bg5 Be7 5. e3 h6 6. Bh4 0-0 7. Nf3 b6 8. cxd5 Nxd5 9. Bxe7 Qxe7 10. Nxd5 exd5 11. Qb3 Be6 12. Rc1 Rc8 13. Bd3 c5 14. Qa3 Nd7 15. 0-0 Kf8 16. Ba6 Rc7 17. b3 Nb8 18. Bd3 Nd7 19. Rc2 a5 20. Rfc1 Rac8 21. Ba6 Ra8 22. Bb5 Rac8 23. h3 g5 24. dxc5 Rxc5 25. Qb2 Kg8 26. Nd4 Rxc2 27. Rxc2 Rxc2 28. Qxc2 Qc5 29. Qd1 Nf6 30. Bd3 Qc3 31. f3 Nd7 32. Ne2 Qc5 33. Kf2 Qb4 34. Nd4 Nc5 35. Bb1 Qc3 36. Ne2 Qb4 37. g4 b5 38. Qc2 Kf8 39. Qh7 a4 40. Qxh6+ Ke8 41. Qh8+ Ke7 42. Qd4 Qxd4 43. Nxd4 axb3 44. axb3 Bd7 45. Kg3 Ne6 46. Nf5+ Kf6 47. h4 gxh4+ 48. Kxh4 Ng5 49. Nd4 Ne6 50. Nf5 Ng5 51. Kg3 Bxf5 52. Bxf5 Ne6 53. b4 d4 54. Bxe6 Kxe6 55. exd4 Kd5 56. Kf4 Kxd4 57. Kf5 Kc4 58. Kf6 Kxb4 59. Kxf7 Kc3 60. g5 1-0